000 00304nam a22001457a 4500
008 221101b ||||| |||| 00| 0 eng d
020 _a2900198556946
041 _aeng
080 _a575
082 _a575
100 _a13
101 _aBIO
245 _aCHEMICAL BONDING
_cWINTER M
942 _2udc
_cBK
999 _c58708
_d58708